Missing Word: Music Genres In Song Titles Quiz Stats

 Plays Quiz Updated Jan 6, 2016

Challenge
Share
Tweet
Embed
Score 0/18 Timer 04:00
0 Plays Today
Hint Missing Word % Correct
We Will _____ You Rock
98.7%
Take Me Home, _______ RoadsCountry
94.5%
The Phantom of the _____Opera
93.5%
Folsom Prison _____Blues
87.9%
_____ of the Rising SunHouse
81.3%
Hey, ____ SisterSoul
80.3%
Sultans of _____Swing
78.9%
___ GodRap
66.8%
___ Goes the WorldPop
64.5%
Hint Missing Word % Correct
Just _____Dance
64.3%
_____ InfernoDisco
60.6%
Blitzkrieg ___Bop
48.4%
A-____Punk
43.3%
Da ____Funk
35.5%
Boogie on ______ WomanReggae
22.1%
Ghetto ______Gospel
14.5%
_____ CindyIndie
9.4%
This Is ________Hardcore
6%

Today's Daily Dose

You're not logged in!

Compare scores with friends on all Sporcle quizzes.
Join for Free
OR
Log In

You Might Also Like...

Show Comments

Extras

Top Quizzes Today


Score Distribution

Your Account Isn't Verified!

In order to create a playlist on Sporcle, you need to verify the email address you used during registration. Go to your Sporcle Settings to finish the process.

Report this User

Report this user for behavior that violates our Community Guidelines.

Details: